Mosac 2: listening/speaking

Na minha lista:
Detalhes bibliográficos
Autor principal: Jami Hanreddy
Formato: Livro
Idioma:Undetermined
Publicado em: New York McGraw-Hill 2007
Assuntos:
Tags: Adicionar Tag
Sem tags, seja o primeiro a adicionar uma tag!
Thư viện lưu trữ: Trung tâm Học liệu Trường Đại học Cần Thơ
LEADER 00619nam a2200217Ia 4500
001 CTU_130100
008 210402s9999 xx 000 0 und d
020 |c 25.95 
082 |a 428.0071 
082 |b H248/T.2 
100 |a Jami Hanreddy 
245 0 |a Mosac 2: 
245 0 |b listening/speaking 
245 0 |c Jami Hanreddy, Elizabeth Walley 
260 |a New York 
260 |b McGraw-Hill 
260 |c 2007 
650 |a english language,english language 
650 |x textbooks for foreign speakers,conversation and phrase books. 
904 |i Năm 
980 |a Trung tâm Học liệu Trường Đại học Cần Thơ